00653nam a2200181 i 450000100060000000300090000600500170001500700030003200800410003510000360007624500930011225000250020526000310023030000200026150501310028171000350041285200240044723497ES-MaACL20230906152900.0t|021210s1897 sp ||||1| spa d1 aAlvarez de la Braña, Ramón.10aCatálogos de la Biblioteca provincial de León / cpor Ramón Alvarez de la Braña. a2ª ed. corr. y aum. aLeón : b[s.n.], c1897. a2 v. ; c21 cm.8 aContiene: vol. I. Catálogo de autores y obras anónimas por orden alfatético ­ vol. II. Catálogo por orden de materias2 aBiblioteca Provincial (León) aES-MaACLjB-2030-31